Central Library OPAC University of Rajshahi

Basic electricity : (Record no. 74968)

MARC details
000 -LEADER
fixed length control field 00779nam a22002412 4500
001 - CONTROL NUMBER
control field 74968
003 - CONTROL NUMBER IDENTIFIER
rucl marc code BD-RjUL
005 - DATE AND TIME OF LATEST TRANSACTION
control field 20211209082628.0
008 - FIXED-LENGTH DATA ELEMENTS--GENERAL INFORMATION
fixed length control field 190103s1958 nyu 000 0 eng d
035 ## - SYSTEM CONTROL NUMBER
System control number OCLC ocm02413766 from D971119M
System control number (BD-RjUL)75186
040 ## - CATALOGING SOURCE
Original cataloging agency TOL
Transcribing agency TOL
Modifying agency EQO
-- BD-RjUL
Language of cataloging eng
041 ## - LANGUAGE CODE
Language code of text/sound track or separate title eng
082 ## - DEWEY DECIMAL CLASSIFICATION NUMBER
Edition number 23
Classification number 621.381
Author mark and year ZBB 1958
100 1# - MAIN ENTRY--PERSONAL NAME
Personal name Zbar, Paul B.,
Dates associated with a name 1911-
9 (RLIN) 161906
245 10 - TITLE STATEMENT
Title Basic electricity :
Remainder of title laboratory manual for radio and television technicians /
Statement of responsibility, etc. [by] Paul B. Zbar [and] Sid Schildkraut.
250 ## - EDITION STATEMENT
Edition statement 2d ed.
260 ## - PUBLICATION, DISTRIBUTION, ETC. (IMPRINT)
Place of publication, distribution, etc. New York :
Name of publisher, distributor, etc. McGraw-Hill,
Date of publication, distribution, etc. 1958.
300 ## - PHYSICAL DESCRIPTION
Pagination 148 p.:
Illustrations illus.;
Size 28 cm.
650 #0 - SUBJECT ADDED ENTRY--TOPICAL TERM
Topical term or geographic name as entry element Electronics
General subdivision Laboratory manuals.
9 (RLIN) 226518
700 1# - ADDED ENTRY--PERSONAL NAME
Personal name Schildkraut, Sid.
Dates associated with a name 1921-
942 ## - ADDED ENTRY ELEMENTS (KOHA)
Source of classification or shelving scheme Dewey Decimal Classification
Koha item type Books
Holdings
Lost status Source of classification or shelving scheme Damaged status Not for loan Collection code Permanent Location Current Location Shelving location Date acquired Source of acquisition Cost, normal purchase price Total Checkouts Full call number Date last seen Copy number Koha item type
  Dewey Decimal Classification   Not For Loan Non-fiction Central Library, University of Rajshahi Central Library, University of Rajshahi Reading Room 29/06/1963 Zeitlinger 17.60   621.381 ZBB 1958 03/01/2019 C-1 Books